Datum a čas kvízu
19
Celkem bodů
Celkový počet nahraných bodů na tomto kvízu bez doplňovacích otázek.
15.
Pořadí na kvízu
Konečné umístění týmu na tomto kvízu.
Zaznamenané odpovědi
| # | Otázka | Odpověď | Body | Výsledky |
|---|---|---|---|---|
| 1. | Blíží se dlouho očekávaná velk... | červen | 0 | |
| 2. | Ve věku 79 let zemřel v neděli... | Pákistán | 0 | |
| 3. | Takovou party ještě strašnické... | Petr Hošek | 0 | |
| 4. | Česká pošta od února zdražila... | 23 Kč | 0 | |
| 5. | Ve čtvrtek měl premiéru další... | Zlatan Ibrahimović, Tomáš Ujfaluši | 0.5 | |
| 6. | Nyní se zaměříme na umělce a j... | Josef Toufar | 0 | |
| 7. | Postava francouzského malíře P... | B) šimpanz | 0 | |
| 8. | Za kontroverzní byla považován... | Jackson Pollock | 0 | |
| 9. | Fotografie amerického umělce A... | (Serranova) moč | 0 | |
| 10. | Jak se jmenuje každoroční akce... | Umění ve městě | 0 |